|
|
|
|
| LEADER |
00570cam a2200181 7i4500 |
| 001 |
0000029713 |
| 005 |
20130722090000.0 |
| 020 |
0 |
0 |
|a 9781118484715
|
| 090 |
0 |
0 |
|a B 658.827
|b TAY
|
| 100 |
1 |
0 |
|a Taylot
|
| 245 |
1 |
0 |
|a Grow the core :
|b how to focus on your core business for brand success.
|
| 260 |
0 |
0 |
|a West Sussex:
|b John Wiley & Sons,
|c 2013.
|
| 300 |
# |
# |
|a 237 p.
|
| 650 |
0 |
0 |
|a Brand name products --
|x Management
|
| 650 |
0 |
0 |
|a Branding (Marketing)
|
| 650 |
0 |
0 |
|a Products management
|
| 650 |
0 |
0 |
|a Stategic planning
|
| 999 |
|
|
|a B000032970
|b Book
|c Countries
|e Business Information Centre
|